El hueco en la pared : Sistemas auto-organizados en la educación /

Saved in:
Format: Book
Published: Ciudad Autónoma de Buenos Aires : FEDUN, 2013.
Edition:1a ed.
LEADER 00404nam a22001217a 4500
003 AR-BeUNQ
005 20200220150459.0
999 |c 32742  |d 116542 
245 |a El hueco en la pared :  |b Sistemas auto-organizados en la educación /  |c Sugata Mitra. 
250 |a 1a ed. 
260 |a Ciudad Autónoma de Buenos Aires :  |b FEDUN,   |c 2013. 
929 |a DONACION  |b Sergio De Piero  |d 300,00  |e 20191204  |f PAT0074894  |g 3561  |h 1  |o PR 
942 |c LIB  |n 1